| 000 | 00600nam a22001817a 4500 | ||
|---|---|---|---|
| 999 |
_c139774 _d139774 |
||
| 005 | 20230725104835.0 | ||
| 010 | _aENG-118120 ENG-137561 | ||
| 020 | _c100.00 | ||
| 035 | _aEN-101652 EN-121093 | ||
| 037 | _bDBAD/PUB | ||
| 082 | _a332.820917671 | ||
| 100 | _aSiddiqi, Muhammad Nejatullah | ||
| 245 |
_aBanking without interest / _cby Muhammad Nejatullah Siddiqi |
||
| 260 |
_aNew Delhi _bBANKING WITHOUT INTEREST _c2010 |
||
| 270 | _aD-307, Dawat Nagar, Abul Fazl Enclave,Jamia Nagar, New Delhi-110025 | ||
| 300 |
_a192p. _c21cm. (pbk) |
||
| 942 |
_2ddc _cEN _h332.820917671 _mSID |
||